[Event "Reykjavik op"]
[Site "Reykjavik"]
[Date "2024.03.16"]
[Round "3"]
[White "Fjeldsted, Andres"]
[Black "Schliebener, Stephan"]
[Result "1/2-1/2"]
[WhiteElo "1795"]
[BlackElo "2088"]
[PlyCount "46"]
[EventDate "2024.03.15"]
[EventType "swiss"]
[EventRounds "9"]
[EventCountry "ISL"]
[SourceTitle "CB13_2024"]
[SourceDate "2024.03.27"]
[SourceVersion "1"]
[SourceVersionDate "2024.03.27"]
[SourceQuality "1"]

1. e4 c5 2. Nc3 Nc6 3. f4 g6 4. Nf3 Bg7 5. d3 d6 6. g3 e6 7. Bg2 Nge7 8. 0-0 0-0 9. Kh1 Rb8 10. a4 a6 11. Ne2 f5 12. c3 b6 13. Ng5 h6 14. Nf3 Kh7 15. Qc2 Bd7 16. d4 cxd4 17. Nexd4 fxe4 18. Qxe4 Nxd4 19. Nxd4 e5 20. Nf3 Be6 21. Qe2 Qc8 22. fxe5 dxe5 23. Be3 Qc4 1/2-1/2

[Event "Reykjavik op"]
[Site "Reykjavik"]
[Date "2024.03.15"]
[Round "1"]
[White "Suleymenov, Alisher"]
[Black "Schliebener, Stephan"]
[Result "1-0"]
[WhiteElo "2506"]
[BlackElo "2088"]
[PlyCount "73"]
[EventDate "2024.03.15"]
[EventType "swiss"]
[EventRounds "9"]
[EventCountry "ISL"]
[SourceTitle "CB13_2024"]
[SourceDate "2024.03.27"]
[SourceVersion "1"]
[SourceVersionDate "2024.03.27"]
[SourceQuality "1"]

1. d4 Nf6 2. c4 e6 3. Nf3 Bb4+ 4. Bd2 Qe7 5. g3 0-0 6. Bg2 Bxd2+ 7. Qxd2 d5 8. 0-0 Nbd7 9. b3 Ne4 10. Qc2 c6 11. Ne1 f5 12. Nd3 b6 13. cxd5 cxd5 14. Nd2 Nxd2 15. Qxd2 Bb7 16. Rfc1 Rfc8 17. b4 Ba6 18. Nb2 Nf6 19. a4 Ne4 20. Qe1 Rxc1 21. Rxc1 Rc8 22. b5 Bb7 23. Rxc8+ Bxc8 24. Qc1 Nd6 25. Nd3 a6 26. bxa6 Bxa6 27. Nf4 Bb7 28. Qe3 Kf7 29. Qe5 Nc4 30. Qb8 Bc6 31. Qh8 h6 32. Bf3 Qf6 33. Qc8 Bxa4 34. Bh5+ Ke7 35. Qc7+ Kf8 36. Ng6+ Ke8 37. Qc8+ 1-0

[Event "Berlin-ch"]
[Site "Berlin"]
[Date "2023.04.10"]
[Round "3"]
[White "Bruedigam, Martin"]
[Black "Schliebener, Stephan"]
[Result "1-0"]
[WhiteElo "2378"]
[BlackElo "2080"]
[PlyCount "171"]
[EventDate "2023.04.08"]
[EventType "swiss"]
[EventRounds "9"]
[EventCountry "GER"]
[SourceTitle "CBM 213 Extra"]
[Source "ChessBase"]
[SourceDate "2023.05.31"]
[SourceVersion "1"]
[SourceVersionDate "2023.05.31"]
[SourceQuality "1"]

1. d4 Nf6 2. c4 e6 3. Nc3 Bb4 4. e3 0-0 5. Bd2 Re8 6. Bd3 d5 7. Nf3 b6 8. 0-0 dxc4 9. Bxc4 Bb7 10. Qe2 Nbd7 11. Rfd1 Qe7 12. a3 Bxc3 13. Bxc3 Ne4 14. Be1 c5 15. Rac1 Red8 16. Ba6 Bd5 17. b4 h6 18. Bc4 Bxc4 19. Qxc4 Nd6 20. Qe2 Rac8 21. bxc5 bxc5 22. dxc5 Nxc5 23. h3 Ndb7 24. Nd4 e5 25. Nf5 Qf6 26. Ng3 Rxd1 27. Rxd1 Rd8 28. Rb1 Qe6 29. e4 Rd7 30. Qc2 Qa6 31. Qc3 Qd3 32. Rc1 Kh7 33. Qxe5 Qxa3 34. Ra1 Qd3 35. Rxa7 Qd4 36. Bc3 Qxe5 37. Bxe5 Nd3 38. Bb8 Nbc5 39. Rxd7 Nxd7 40. Bd6 g6 41. Kf1 Nb2 42. Ke2 Nc4 43. Bc7 Na3 44. f3 Nb5 45. Ba5 Nd4+ 46. Ke3 Ne6 47. Bc3 g5 48. Nf5 Nf4 49. Kf2 Nc5 50. Bd2 Ng6 51. Be3 Ne6 52. Nd6 Kg7 53. Ne8+ Kf8 54. Nd6 Kg7 55. Bd2 Kg8 56. Bc3 Nef4 57. Nf5 Kh7 58. Bd2 Ne6 59. g3 Ne5 60. Bc3 Ng6 61. Nd6 Kg8 62. Ne8 Kf8 63. Nf6 Nd8 64. Ke3 Nc6 65. Bb2 Kg7 66. Kf2 Nge7 67. Nd7+ Kg8 68. Nf6+ Kg7 69. Bc3 Kg6 70. f4 gxf4 71. gxf4 Kg7 72. Kg3 Ng8 73. Nd5+ Kh7 74. Kg4 Nce7 75. f5 Nc6 76. Kh5 Nb8 77. h4 Na6 78. Bd4 Nb8 79. Kg4 Nd7 80. f6 Nf8 81. h5 Ne6 82. Be3 Kh8 83. Kf5 Kh7 84. e5 Kh8 85. Nb6 Kh7 86. Nc4 1-0

[Event "Bayern-chI Bank Hofmann 25th"]
[Site "Tegernsee"]
[Date "2022.11.12"]
[Round "8"]
[White "Schliebener, Stephan"]
[Black "Markmann, Ulrich"]
[Result "1/2-1/2"]
[WhiteElo "2077"]
[BlackElo "2251"]
[PlyCount "37"]
[EventDate "2022.11.05"]
[EventType "swiss"]
[EventRounds "9"]
[EventCountry "GER"]
[SourceTitle "CBM 211 Extra"]
[Source "ChessBase"]
[SourceDate "2023.01.31"]
[SourceVersion "1"]
[SourceVersionDate "2023.01.31"]
[SourceQuality "1"]

1. d4 d6 2. e4 Nf6 3. Nc3 Nbd7 4. Nf3 e5 5. Bc4 Be7 6. 0-0 c6 7. Bb3 h6 8. Qe2 Qc7 9. Re1 Nf8 10. h3 Be6 11. Be3 g5 12. d5 Bd7 13. dxc6 bxc6 14. Nh2 Qc8 15. Qc4 Be6 16. Qa4 Bd7 17. Qc4 Be6 18. Qa4 Bd7 19. Qc4 1/2-1/2

[Event "Berlin Werner Ott op"]
[Site "Berlin"]
[Date "2022.07.14"]
[Round "6"]
[White "Schliebener, Stephan"]
[Black "Lippert, Daniel"]
[Result "1-0"]
[WhiteElo "2107"]
[BlackElo "2025"]
[PlyCount "78"]
[EventDate "2022.07.09"]
[EventType "swiss"]
[EventRounds "9"]
[EventCountry "GER"]
[SourceTitle "CBM 209 Extra"]
[Source "ChessBase"]
[SourceDate "2022.09.30"]
[SourceVersion "1"]
[SourceVersionDate "2022.09.30"]
[SourceQuality "1"]

1. c4 e5 2. Nc3 Bb4 3. Qc2 Ne7 4. a3 Bxc3 5. Qxc3 d6 6. e3 0-0 7. b3 Qe8 8. Bb2 f6 9. d3 b6 10. d4 Qg6 11. Nf3 e4 12. Nd2 Nd7 13. 0-0-0 Bb7 14. f4 Rfc8 15. Rg1 b5 16. g4 bxc4 17. bxc4 Nb6 18. Qc2 Bc6 19. Re1 d5 20. c5 Na4 21. Ba1 Rcb8 22. h4 Qe8 23. f5 Rb7 24. g5 fxg5 25. Rxg5 h6 26. Rg1 Nxf5 27. Qd1 Qe7 28. Qc2 Rf8 29. Bh3 Rbb8 30. Rg4 Rf7 31. h5 Qd7 32. Rf4 Nxe3 33. Rxf7 Nxc2 34. Rxd7 Nxe1 35. Rxc7 Be8 36. Rxa7 Nd3+ 37. Kc2 Naxc5 38. dxc5 Bf7 39. c6 Ne5 1-0

[Event "Pfalz op-A 11th"]
[Site "Neustadt an der Weinstrasse"]
[Date "2020.02.22"]
[Round "3"]
[White "Szabo, Bence"]
[Black "Schliebener, Stephan"]
[Result "1-0"]
[WhiteElo "2355"]
[BlackElo "2147"]
[PlyCount "107"]
[EventDate "2020.02.21"]
[EventType "swiss"]
[EventRounds "9"]
[EventCountry "GER"]
[SourceTitle "CBM 195 Extra"]
[Source "ChessBase"]
[SourceDate "2020.05.31"]
[SourceVersion "1"]
[SourceVersionDate "2020.05.31"]
[SourceQuality "1"]

1. Nf3 Nf6 2. c4 e6 3. g3 d5 4. Bg2 Nbd7 5. b3 Be7 6. 0-0 0-0 7. Bb2 c6 8. e3 Qc7 9. Nc3 Ne4 10. Ne2 Bf6 11. Qc2 Bxb2 12. Qxb2 Qd6 13. d3 Nef6 14. b4 b6 15. Rfc1 c5 16. bxc5 bxc5 17. cxd5 exd5 18. Nf4 Rb8 19. Qa3 Qa6 20. Qc3 Re8 21. Nd2 Bb7 22. Nb3 Rbc8 23. Rab1 Rc7 24. Qa5 Qxa5 25. Nxa5 Ba8 26. Rc2 g5 27. Ne2 Bc6 28. Nxc6 Rxc6 29. Nc3 Nb6 30. Nb5 Re7 31. Rbc1 c4 32. Nd4 Rc5 33. dxc4 dxc4 34. Rb1 Rd7 35. h3 Ne8 36. g4 Nd6 37. Bf3 Rdc7 38. Kg2 Kg7 39. Rd1 Nbc8 40. Ne2 f6 41. Nc3 a5 42. Rcd2 Nf7 43. Ne4 Rb5 44. Rd7 Rbb7 45. R7d5 Ra7 46. Ng3 Ne5 47. Be4 Ng6 48. Rd8 Nce7 49. Nh5+ Kf7 50. R1d6 Nh4+ 51. Kg3 Ng8 52. Bd5+ Ke7 53. Bxg8 c3 54. Nxf6 1-0

[Event "Barcelona City op 24th"]
[Site "Barcelona"]
[Date "2019.09.27"]
[Round "1"]
[White "Alshameary Puente, Ismael"]
[Black "Schliebener, Stephan"]
[Result "0-1"]
[WhiteElo "2444"]
[BlackElo "2111"]
[PlyCount "98"]
[EventDate "2019.09.27"]
[EventType "swiss"]
[EventRounds "9"]
[EventCountry "ESP"]
[SourceTitle "EXT 2020"]
[Source "ChessBase"]
[SourceDate "2019.10.17"]
[SourceVersion "1"]
[SourceVersionDate "2019.10.17"]
[SourceQuality "1"]

1. d4 e6 2. c4 d5 3. Nc3 c6 4. Nf3 f5 5. Bf4 Nf6 6. e3 Bd6 7. Bd3 0-0 8. Qc2 Ne4 9. 0-0 b6 10. Rac1 Bb7 11. a3 c5 12. Bxd6 Qxd6 13. Rfd1 Nd7 14. dxc5 Nexc5 15. cxd5 Nxd3 16. Qxd3 Nc5 17. Qc4 Ba6 18. Qb4 e5 19. Na4 Be2 20. Rd2 Bxf3 21. gxf3 Qg6+ 22. Kh1 Qh5 23. Kg2 e4 24. Nxc5 Qxf3+ 25. Kg1 bxc5 26. Rxc5 f4 27. Qc3 Qg4+ 28. Kf1 f3 29. Qc4 Rac8 30. d6+ Kh8 31. Rc7 Qg2+ 32. Ke1 Qg1+ 33. Qf1 Qxh2 34. Rxc8 Rxc8 35. Kd1 Qg2 36. Qe1 Qg5 37. Rd4 Qb5 38. Qd2 Qf1+ 39. Qe1 Rc1+ 40. Kxc1 Qxe1+ 41. Rd1 Qa5 42. d7 Qd8 43. b4 Kg8 44. a4 Kf7 45. Rd4 h5 46. a5 h4 47. Rxe4 h3 48. Rd4 h2 49. Rd1 Ke7 0-1

[Event "Berlin-ch MT"]
[Site "Berlin"]
[Date "2019.04.24"]
[Round "5"]
[White "Gebigke, Martin"]
[Black "Schliebener, Stephan"]
[Result "1-0"]
[WhiteElo "2068"]
[BlackElo "2126"]
[PlyCount "121"]
[EventDate "2019.04.20"]
[EventType "swiss"]
[EventRounds "9"]
[EventCountry "GER"]
[SourceTitle "EXT 2020"]
[Source "ChessBase"]
[SourceDate "2019.10.17"]
[SourceVersion "1"]
[SourceVersionDate "2019.10.17"]
[SourceQuality "1"]

1. d4 Nf6 2. c4 e6 3. Nc3 Bb4 4. Qc2 d5 5. a3 Bxc3+ 6. Qxc3 dxc4 7. Qxc4 0-0 8. Nf3 b6 9. Bg5 Ba6 10. Qa4 Qd7 11. Qxd7 Nbxd7 12. Bxf6 gxf6 13. e3 Bxf1 14. Rxf1 c5 15. Ke2 Rac8 16. Rfc1 f5 17. b4 Kg7 18. Ra2 cxd4 19. Rxc8 Rxc8 20. Nxd4 Kf6 21. Rd2 Ne5 22. f4 Nc4 23. Rc2 a6 24. a4 Ke7 25. Kd3 Nd6 26. Rxc8 Nxc8 27. Nc6+ Kd6 28. Nb8 b5 29. a5 Ne7 30. Nxa6 Nd5 31. g3 e5 32. e4 fxe4+ 33. Kxe4 Nc3+ 34. Kd3 Nd5 35. f5 h5 36. h3 f6 37. Ke4 Nc3+ 38. Kd3 Nd5 39. Ke4 Nc3+ 40. Ke3 Nd5+ 41. Kf3 Kc6 42. h4 Kd6 43. Ke4 Nc3+ 44. Kd3 Nd5 45. Ke4 Nc3+ 46. Ke3 Nd5+ 47. Kf3 Kc6 48. g4 hxg4+ 49. Kg3 Ne3 50. h5 Nxf5+ 51. Kxg4 Nh6+ 52. Kf3 Nf7 53. Nc5 f5 54. Ke3 Kc7 55. Nd3 Kc6 56. Nxe5+ Nxe5 57. Kf4 Kd6 58. Kxf5 Nc6 59. h6 Ke7 60. h7 Nd4+ 61. Ke4 1-0

[Event "Berlin-ch MT"]
[Site "Berlin"]
[Date "2019.04.22"]
[Round "3"]
[White "Kunze, Martin"]
[Black "Schliebener, Stephan"]
[Result "1-0"]
[WhiteElo "2077"]
[BlackElo "2126"]
[PlyCount "73"]
[EventDate "2019.04.20"]
[EventType "swiss"]
[EventRounds "9"]
[EventCountry "GER"]
[SourceTitle "EXT 2020"]
[Source "ChessBase"]
[SourceDate "2019.10.17"]
[SourceVersion "1"]
[SourceVersionDate "2019.10.17"]
[SourceQuality "1"]

1. d4 f5 2. Nf3 g6 3. g3 Nf6 4. Bg2 Bg7 5. 0-0 0-0 6. Nbd2 d6 7. Re1 Nc6 8. e4 fxe4 9. Nxe4 Nxe4 10. Rxe4 Bf5 11. Re1 Qd7 12. c3 Kh8 13. Qb3 Rab8 14. Ng5 e5 15. d5 Nd8 16. Be3 h6 17. Ne4 a6 18. c4 b6 19. c5 dxc5 20. Nxc5 Qc8 21. Ne4 Qd7 22. Rac1 Rf7 23. Red1 Nb7 24. d6 Nxd6 25. Nxd6 cxd6 26. Rxd6 Qxd6 27. Qxf7 Bd7 28. Be4 Be8 29. Qa7 Rd8 30. Bxb6 Rd7 31. Qa8 Qe6 32. Bc6 Kh7 33. Bxd7 Bxd7 34. Qb7 Bb5 35. Rc7 Qg8 36. b3 Bd3 37. g4 1-0

[Event "Berlin CupT"]
[Site "Berlin"]
[Date "2018.06.16"]
[Round "5.1"]
[White "Zoeller, Ralf"]
[Black "Schliebener, Stephan"]
[Result "1/2-1/2"]
[WhiteElo "1978"]
[BlackElo "2054"]
[PlyCount "165"]
[EventDate "2018.05.27"]
[EventType "team-k.o."]
[EventRounds "5"]
[EventCountry "GER"]
[SourceTitle "EXT 2022"]
[Source "ChessBase"]
[SourceDate "2021.10.06"]
[SourceVersion "1"]
[SourceVersionDate "2021.10.06"]
[SourceQuality "1"]
[WhiteTeam "Caissa/Hermsdorf"]
[BlackTeam "Weissensee Chemie"]
[WhiteTeamCountry "GER"]
[BlackTeamCountry "GER"]

1. e4 c5 2. Nf3 e6 3. d4 cxd4 4. Nxd4 a6 5. Bc4 Nf6 6. Nc3 b5 7. Bb3 b4 8. Na4 Nxe4 9. 0-0 Bb7 10. Re1 Be7 11. Qg4 h5 12. Qh3 Nf6 13. Be3 Bd5 14. Rad1 Bxb3 15. axb3 Qa5 16. Qg3 Kf8 17. Bf4 h4 18. Qf3 Nd5 19. c4 bxc3 20. Nxc3 Nc6 21. Nxc6 dxc6 22. Be5 Rh6 23. Re4 Nf6 24. b4 Qb6 25. Rc4 Rc8 26. h3 Qb7 27. Rdd4 Nd7 28. Bf4 g5 29. Bh2 Nb6 30. Rc5 Nd5 31. Ne4 Rd8 32. Rcc4 Qb5 33. Be5 Qb6 34. b3 Kg8 35. Qe2 f6 36. Bh2 e5 37. Rd1 Nxb4 38. Rxd8+ Qxd8 39. g3 Kh8 40. g4 Rh7 41. Nxf6 Bxf6 42. Rxb4 Re7 43. Ra4 Qd5 44. Rxa6 e4 45. b4 Qd3 46. Qf1 Qc2 47. b5 Bd4 48. Rxc6 Qb2 49. Kh1 Rf7 50. Rc8+ Kg7 51. Rc7 Rxc7 52. Bxc7 Bxf2 53. Be5+ Qxe5 54. Qxf2 e3 55. Qe2 Qg3 56. Qb2+ Kf7 57. Qb3+ Kf6 58. Qc3+ Ke6 59. Qc6+ Ke5 60. Qc5+ Ke6 61. Qc6+ Ke5 62. Qc5+ Ke4 63. Qc2+ Kf3 64. Qf5+ Qf4 65. Qd5+ Ke2 66. Qg2+ Kd1 67. Qd5+ Ke2 68. Qg2+ Kd1 69. Qd5+ Ke1 70. b6 e2 71. b7 Kf2 72. Qg2+ Ke3 73. Qg1+ Kd2 74. Qg2 Qd6 75. Qh2 Qc6+ 76. Qg2 Qc1+ 77. Kh2 Qc7+ 78. Kh1 Qg3 79. Qd5+ Ke3 80. Qxg5+ Kf2 81. Qc5+ Kf3 82. Qf5+ Ke3 83. Qc5+ 1/2-1/2

[Event "Berlin Lichtenberger op 16th"]
[Site "Berlin"]
[Date "2017.08.26"]
[Round "8"]
[White "Schliebener, Stephan"]
[Black "Bandlow, Matthias"]
[Result "0-1"]
[WhiteElo "2126"]
[BlackElo "1945"]
[PlyCount "80"]
[EventDate "2017.08.19"]
[EventType "swiss"]
[EventRounds "9"]
[EventCountry "GER"]
[SourceTitle "CBM 180 Extra"]
[Source "ChessBase"]
[SourceDate "2017.10.06"]
[SourceVersion "1"]
[SourceVersionDate "2017.10.06"]
[SourceQuality "1"]

1. d4 d5 2. c4 e6 3. Nc3 Nf6 4. cxd5 exd5 5. e3 c6 6. Bd3 Bd6 7. Qc2 0-0 8. Nge2 Nbd7 9. g4 g6 10. f3 Re8 11. Bd2 Nb6 12. 0-0-0 Nc4 13. Bxc4 dxc4 14. e4 Be7 15. h4 b5 16. h5 b4 17. Na4 b3 18. axb3 cxb3 19. Qc3 Rb8 20. Qe3 Bb4 21. Qh6 Qa5 22. Nec3 Rb7 23. Qf4 Be7 24. Nc5 Rb4 25. hxg6 fxg6 26. Nb1 Rc4+ 27. Bc3 Rd8 28. Nxb3 Qb4 29. N3d2 Rxc3+ 30. bxc3 Qa4 31. Qc7 Re8 32. Nf1 Be6 33. Kd2 Nd7 34. Ne3 Bg5 35. f4 Bd8 36. Qb7 Ba5 37. Qb2 Qxd4+ 38. Ke2 Qxe4 39. Rd4 Bxg4+ 40. Kf1 Qxh1+ 0-1

[Event "Berlin-ch MT"]
[Site "Berlin"]
[Date "2017.04.10"]
[Round "1"]
[White "Mueller, Peter2222"]
[Black "Schliebener, Stephan"]
[Result "0-1"]
[WhiteElo "2055"]
[BlackElo "2127"]
[PlyCount "66"]
[EventDate "2017.04.10"]
[EventType "swiss"]
[EventRounds "9"]
[EventCountry "GER"]
[SourceTitle "CBM 189 Extra"]
[Source "ChessBase"]
[SourceDate "2019.06.03"]
[SourceVersion "1"]
[SourceVersionDate "2019.06.03"]
[SourceQuality "1"]

1. e4 c5 2. Nf3 Nc6 3. d4 cxd4 4. Nxd4 g6 5. Nc3 Bg7 6. Be3 Nf6 7. Be2 0-0 8. 0-0 d6 9. h3 Bd7 10. Nxc6 bxc6 11. Qd2 Re8 12. Rab1 Qc7 13. f4 c5 14. Bf3 Rad8 15. Kh1 e6 16. g4 Bc6 17. Qg2 Nd7 18. Bf2 Nb6 19. Bg3 Nc4 20. Nd1 Qa5 21. Be1 Qxa2 22. Nc3 Qa6 23. Qe2 Bb7 24. Bh4 Nxb2 25. Bxd8 Bxc3 26. Bh4 Qxe2 27. Bxe2 Bxe4+ 28. Bf3 f5 29. Bxe4 fxe4 30. Be1 Bg7 31. Ra1 Re7 32. Ra6 Nc4 33. Kg2 Ne3+ 0-1

[Event "Berlin-ch MT"]
[Site "Berlin"]
[Date "2017.04.10"]
[Round "2"]
[White "Schliebener, Stephan"]
[Black "Brustkern, Juergen"]
[Result "0-1"]
[WhiteElo "2127"]
[BlackElo "2220"]
[PlyCount "58"]
[EventDate "2017.04.10"]
[EventType "swiss"]
[EventRounds "9"]
[EventCountry "GER"]
[SourceTitle "CBM 189 Extra"]
[Source "ChessBase"]
[SourceDate "2019.06.03"]
[SourceVersion "1"]
[SourceVersionDate "2019.06.03"]
[SourceQuality "1"]

1. d4 d5 2. c4 e5 3. dxe5 d4 4. Nf3 Nc6 5. g3 Nge7 6. Bg2 Ng6 7. Bf4 Qd7 8. 0-0 h6 9. Bd2 Ngxe5 10. Nxe5 Nxe5 11. Qc2 Be7 12. Rd1 0-0 13. Bc3 c5 14. e3 Nc6 15. exd4 cxd4 16. h3 Bf6 17. Na3 Qe7 18. Be1 Rd8 19. Rac1 d3 20. Qd2 Nd4 21. Kh2 Bf5 22. b4 Ne2 23. c5 Nxc1 24. Rxc1 Be4 25. f3 Bg6 26. Nc4 Bd4 27. Qf4 b5 28. Nd2 Be3 29. Qg4 h5 0-1

[Event "Berlin Lichtenberger op 15th"]
[Site "Berlin"]
[Date "2016.08.20"]
[Round "8"]
[White "Schliebener, Stephan"]
[Black "Goldenstein, Arnd"]
[Result "0-1"]
[WhiteElo "2207"]
[BlackElo "2016"]
[PlyCount "116"]
[EventDate "2016.08.13"]
[EventType "swiss"]
[EventRounds "9"]
[EventCountry "GER"]
[SourceTitle "CBM 173 Extra"]
[Source "ChessBase"]
[SourceDate "2016.08.29"]
[SourceVersion "1"]
[SourceVersionDate "2016.08.29"]
[SourceQuality "1"]

1. c4 c5 2. g3 Nc6 3. Nf3 e5 4. a3 a5 5. Nc3 g6 6. d3 Bg7 7. Bg2 Nge7 8. e4 0-0 9. Be3 d6 10. 0-0 f5 11. Bg5 h6 12. Bxe7 Nxe7 13. b4 axb4 14. axb4 Rxa1 15. Qxa1 cxb4 16. Na2 fxe4 17. dxe4 Bg4 18. Nd2 Qb6 19. Nc1 Nc6 20. h3 Be6 21. Ncb3 Bf6 22. Qe1 Nd4 23. Qe3 Bg5 24. f4 Nf3+ 25. Kf2 Qxe3+ 26. Kxe3 Nxd2 27. Nxd2 exf4+ 28. gxf4 Bf6 29. Rc1 Rc8 30. Bf1 b6 31. Nf3 Ra8 32. Nd4 Ra3+ 33. Bd3 Bd7 34. Rb1 Bxh3 35. Nb5 Bc3 36. Rh1 Bg4 37. Nxa3 bxa3 38. Bb1 Kg7 39. Rh2 Bb2 40. Kd3 Be6 41. Rf2 Bf7 42. Ba2 b5 43. Kc2 bxc4 44. Kb1 g5 45. fxg5 hxg5 46. Kc2 Be6 47. Kd1 g4 48. Ke1 g3 49. Rf3 Be5 50. Rxa3 Bh3 51. Ra7+ Kh6 52. Ra8 g2 53. Rg8 c3 54. Bd5 Bg7 55. Kf2 Bd4+ 56. Ke2 g1Q 57. Rxg1 Bxg1 58. Kd3 Bd4 0-1

[Event "Berlin-ch MT"]
[Site "Berlin"]
[Date "2016.03.29"]
[Round "4"]
[White "Schliebener, Stephan"]
[Black "Krefenstein, Sergej"]
[Result "1/2-1/2"]
[WhiteElo "2249"]
[BlackElo "2160"]
[PlyCount "115"]
[EventDate "2016.03.26"]
[EventType "swiss"]
[EventRounds "9"]
[EventCountry "GER"]
[SourceTitle "EXT 2022"]
[Source "ChessBase"]
[SourceDate "2021.10.06"]
[SourceVersion "1"]
[SourceVersionDate "2021.10.06"]
[SourceQuality "1"]

1. d4 Nf6 2. c4 e6 3. Nc3 c5 4. d5 exd5 5. cxd5 d6 6. e4 g6 7. Nf3 Bg7 8. Bg5 0-0 9. Be2 a6 10. a4 Re8 11. Nd2 h6 12. Bh4 Nbd7 13. 0-0 Qc7 14. h3 Rb8 15. Re1 g5 16. Bg3 Ne5 17. Bxe5 Rxe5 18. Qc2 Re8 19. Nf1 Nd7 20. Bg4 b5 21. axb5 axb5 22. Ne3 c4 23. Nf5 Ne5 24. Nxg7 Kxg7 25. Bxc8 Qxc8 26. Re3 Qc5 27. Ne2 Nd3 28. Ng3 Re5 29. Qe2 Qd4 30. Qf3 Nf4 31. Rb1 Qd2 32. b3 Qc2 33. Ra1 Rb7 34. Nf5+ Rxf5 35. exf5 Qxf5 36. g3 Qf6 37. Ra8 Nxh3+ 38. Kg2 Qxf3+ 39. Rxf3 g4 40. Rc3 Re7 41. Ra2 Ng5 42. bxc4 bxc4 43. Rxc4 h5 44. Rc6 Re1 45. Ra3 Nh3 46. Re3 Rg1+ 47. Kh2 Rf1 48. Re2 Ng5 49. f4 gxf3 50. Re8 Nh3 51. Re3 Ng5 52. Rxd6 Rd1 53. Re5 f6 54. Rf5 Rd2+ 55. Kh1 Rd1+ 56. Kh2 Rd2+ 57. Kh1 Rd1+ 58. Kh2 1/2-1/2

[Event "Berlin Unicorn op"]
[Site "Berlin"]
[Date "2003.05.31"]
[Round "5"]
[White "Schliebener, Stephan"]
[Black "Brener, Ilja"]
[Result "1/2-1/2"]
[WhiteElo "2247"]
[BlackElo "2113"]
[PlyCount "63"]
[EventDate "2003.05.28"]
[EventType "swiss"]
[EventRounds "7"]
[EventCountry "GER"]
[SourceTitle "CBM 094 Extra"]
[Source "ChessBase"]
[SourceDate "2003.07.09"]
[SourceVersion "2"]
[SourceVersionDate "2003.07.09"]
[SourceQuality "1"]

1. d4 Nf6 2. c4 e6 3. Nc3 Bb4 4. a3 Bxc3+ 5. bxc3 c5 6. f3 Nc6 7. e3 0-0 8. Bd3 b6 9. g4 d5 10. Ne2 dxc4 11. Bxc4 cxd4 12. cxd4 Bb7 13. 0-0 Rc8 14. Ba2 Qe7 15. Ng3 Rfd8 16. Qe2 Nd5 17. Bb2 Na5 18. Rac1 Qd7 19. Nh5 Rxc1 20. Rxc1 Rc8 21. Qd3 Rxc1+ 22. Bxc1 Qc8 23. Bd2 Ba6 24. Qe4 Nc4 25. Bxc4 Qxc4 26. Ng3 g6 27. Qb1 Qa4 28. Qc1 Qc4 29. Qxc4 Bxc4 30. Ne4 Kf8 31. Nd6 Ba6 32. e4 1/2-1/2